000 00615nam a22001937a 4500
999 _c3892
_d3892
003 AR-CdUCM
008 190307b ||||| |||| 00| 0 spa d
040 _aMUNICIPALIDAD PROVINCIAL DEL CUSCO
_cBIBLIOTECA MUNICIPAL DEL CUSCO
082 _a869.1 /
_bUR78
100 _aI. Urquizo ,Francisco
_912498
245 _aMemorias de campaña /
260 _aMéxico :
_bFondo de Cultura Económico ,
_c1971.
300 _a157 páginas ;
_c21 cm.
650 _aLiteratura Méxicana
_99769
650 _aLiteratura Centroamericana
_99614
650 _aLiteratura Latinoamericana
_9799
942 _2ddc
_cLIBROS
945 _artm